القول المعتمد في تفسير قل هو الله أحد / (رقم التسجيلة. 30839)

تفاصيل مارك
000 -الفاتح
عناصر البيانات ثابتة الطول 00933cam a2200205 i 4500
005 - تاريخ ووقت آخر معاملة
حقل ضبط 20251130104129.0
008 - عناصر البيانات ثابتة الطول
عناصر البيانات ثابتة الطول 250721s1997 le gr 000 0 ara d
082 14 - رقم تصنيف ديوي العشري
رقم التصنيف 212
رقم المادة ا ر م
100 1# - مدخل رئيسي – اسم شخصي
الاسم الشخصي الأرميوني، جمال الدين يوسف بن عبد الله
علاقة الشخص بالعمل/ دوره مؤلف.
245 12 - بيان العنوان
العنوان القول المعتمد في تفسير قل هو الله أحد /
بيان المسؤولية تأليف جمال الدين يوسف بن عبد الله الارميوني الشافعي، تحقيق محمد خير رمضان يوسف.
264 1# - بيانات النشر، التوزيع…إلخ
مكان النشر، التوزيع...إلخ بيروت :
اسم الناشر، الموزع...إلخ دار ابن حزم للطباعة والنشر والتوزيع،
تاريخ النشر، التوزيع...إلخ 1997.
300 ## - الوصف المادي
عدد الوحدات المكونة للوعاء 138صفحة.
650 17 - مدخل إضافي بالموضوع - مصطلح موضوعي
مصطلح موضوعي أو اسم جغرافي كعنصر مدخل القرآن الكريم.
650 17 - مدخل إضافي بالموضوع - مصطلح موضوعي
مصطلح موضوعي أو اسم جغرافي كعنصر مدخل سور القرآن.
650 17 - مدخل إضافي بالموضوع - مصطلح موضوعي
مصطلح موضوعي أو اسم جغرافي كعنصر مدخل سورة الإخلاص.
650 17 - مدخل إضافي بالموضوع - مصطلح موضوعي
مصطلح موضوعي أو اسم جغرافي كعنصر مدخل فضائل القرآن.
700 1# - مدخل إضافي - اسم شخصي
الاسم الشخصي يوسف، محمد خير رمضان
علاقة الشخص بالعمل/ دوره محقق.
942 ## - بيانات إضافية (كوها)
نوع التنصيف Dewey Decimal Classification
نوع المادة (كوها) كتب
المقتنيات
حالة السحب حالة الفقدان مصدر التصنيف حالة التلف غير قابل للإعارة المكتبة الرئيسية المكتبة الحالية موقع الرف تاريخ التزويد الرقم المتسلسل Total Checkouts رقم الإستدعاء الباركود تاريخ آخر ظهور تاريخ الفاتورة نوع المادة (كوها)
    Dewey Decimal Classification     المكتبة المركزية المكتبة المركزية الإعارة 06/07/2004 321320   212 / آ ر م 321320 28/07/2025 06/07/2004 كتب
Implemented & Customized by: BBB with SCIT (Smart Chains for Information Technology)

Powered by Koha